Technology and the american economic transition : Choices for the future

Salvato in:
Dettagli Bibliografici
Natura: Libro
Lingua:Undetermined
Pubblicazione: Washington Congress of the United States 1988
Soggetti:
Tags: Aggiungi Tag
Nessun Tag, puoi essere il primo ad aggiungerne! !
Thư viện lưu trữ: Trung tâm Học liệu Trường Đại học Cần Thơ
LEADER 00593nam a2200193Ia 4500
001 CTU_86944
008 210402s9999 xx 000 0 und d
082 |a 338.06 
082 |b T255 
245 0 |a Technology and the american economic transition : 
245 0 |b Choices for the future 
260 |a Washington 
260 |b Congress of the United States 
260 |c 1988 
650 |a Technological innovations,Economic forecasting 
650 |x Economic aspects 
650 |z United states,United states 
904 |i Tuyến 
980 |a Trung tâm Học liệu Trường Đại học Cần Thơ